10 Biggest Megacities - Statistics

General Stats
  • This quiz has been taken 71 times
  • The average score is 8 of 10
Answer Stats
Pop Answer % Correct
24.9mill Beijing
97%
38mill Tokyo
97%
34mill Shanghai
93%
23.9mill Mumbai
85%
27.2mill Delhi
82%
25mill Guangzhou
81%
23.8mill New York
79%
31mill Jakarta
78%
24.1mill Manila
70%
25.6mill Seoul
70%
No matching quizzes found
Score Distribution
Percent of People with Each Score
Percentile by Number Answered
Your Score History
You have not taken this quiz